1221 1562 1352 1136 1049 1479 1721 1163 1818 1133 1347 1250 1426 1794 1691 1201 1434 1887 1593 1946 1719 1976 1791 1955 1600 1180 1847 1801 1622 1337 1205 1225 1301 1426 1136 1536 1796 1294 1650 1193 1336 1197 1804 1456 1592 1739 1330 1437 1076 1525 1235 1067 1572 1617 1612 1472 1184 1131 1667 1414 1380 1056 1116 1341 1356 1405 1928 1621 1836 1722 1047 1395 1863 1219 1112 1789 1786 1202 1337 1094 1411 1284 1973 1838 1143 1255 1753 1422 1176 1145 1275 1781 1778 1963 1528 1809 1556 1277 1998 BCNSPRNW ULIB Ver.6.0+V

เปลี่ยนเป็นภาษาไทย

Change to English
 แสดงรายละเอียดบรรณานุกรม
  กลับหน้าหลัก

Brief Record : Get Marc (ISO 2709) : E-mail record : QR code < ปิดหน้าต่าง
LEADER : 00000nam 2200000uu 4500
001    13399111480
003     ULIB
008    110628s2545||||th 000 0 tha d
020    9748317951
020    9789748317958
050  4 BQ4570^bป417ก 2545
100 0  ประเวศ วะสี,^d2474-
245 10 การพัฒนามนุษย์แนวใหม่เพื่ออนาคตที่ยั่งยืน =^bNew human development for sustainable future /^cประเวศ วะสี
246 31 New human development for sustainable future
250    พิมพ์ครั้งที่ 3
260    กรุงเทพฯ :^bหมอชาวบ้าน,^c2545
300    24 หน้า ;^c21 ซม.
500    มีภาษาอังกฤษเทียบเคียง
650  7 การพัฒนาเศรษฐกิจ
650  7 คุณภาพชีวิต
650  7 ทรัพยากรมนุษย์
650  7 การพัฒนาแบบยั่งยืน
945    ^p40^l0^i017916
995    ทศพร
999 ^a ใช้งานได้ทุกระบบ
รายการนี้ยังไม่มีแท็ก
คุณยังไม่ได้ล็อกอิน คุณสามารถมีกิจกรรมร่วมกับเว็บไซต์ได้ แต่ต้องล็อกอินก่อน ::
  ล็อกอิน

รายการสื่อสารสนเทศ

ลำดับที่ ประเภท เลขเรียก/บาร์โค้ด สถานที่ สถานะ
- ไม่พบข้อมูล -

รายการใกล้เคียง
    หัวเรื่อง [การพัฒนาเศรษฐกิจ]
    หัวเรื่อง [คุณภาพชีวิต]
    หัวเรื่อง [ทรัพยากรมนุษย์]

BibComment


ยังไม่เคยถูกคอมเมนท์

คอมเมนท์ทรัพยากรรายการนี้
  คอมเมนท์: การพัฒนามนุษย์แนว..


 Copyright 2026. Bcnsprnw @Library